[Event "Cappelle op 40th"]
[Site "Cappelle la Grande"]
[Date "2024.03.06"]
[Round "7"]
[White "Tomaszewski, Kacper"]
[Black "Tarhan, Adar"]
[Result "0-1"]
[WhiteElo "2310"]
[BlackElo "2432"]
[PlyCount "76"]
[EventDate "2024.03.02"]
[EventType "swiss"]
[EventRounds "9"]
[EventCountry "FRA"]
[SourceTitle "CB11_2024"]
[SourceDate "2024.03.13"]
[SourceVersion "1"]
[SourceVersionDate "2024.03.13"]
[SourceQuality "1"]

1. d4 Nf6 2. c4 e6 3. Nc3 d5 4. Nf3 Bb4 5. Qa4+ Nc6 6. a3 Bxc3+ 7. bxc3 Ne4 8. Bf4 Nxc3 9. Qc2 Ne4 10. e3 g5 11. Bg3 h5 12. Ne5 Bd7 13. cxd5 exd5 14. Nxd7 Qxd7 15. Bb5 Rh6 16. h4 Nxg3 17. hxg5 Re6 18. fxg3 Rxe3+ 19. Kf2 Re4 20. Rhe1 0-0-0 21. Rxe4 dxe4 22. Qxe4 Qxd4+ 23. Qxd4 Nxd4 24. Bc4 Rg8 25. Bxf7 Rxg5 26. Bc4 Rf5+ 27. Kg1 Rc5 28. Bd3 Rc3 29. Rd1 Rxa3 30. Bg6 Rxg3 31. Bxh5 c5 32. Kf2 Rg8 33. g4 a5 34. Rg1 Rg5 35. Ke3 Kd7 36. Bf7 Ke7 37. Bc4 b5 38. Kf4 bxc4 0-1

[Event "Hajduszoboszlo op 2nd"]
[Site "Hajduszoboszlo"]
[Date "2024.02.10"]
[Round "4"]
[White "Tomaszewski, Kacper"]
[Black "Turcsanyi, Vince Gergo"]
[Result "1-0"]
[WhiteElo "2276"]
[BlackElo "2267"]
[PlyCount "61"]
[EventDate "2024.02.08"]
[EventType "swiss"]
[EventRounds "7"]
[EventCountry "HUN"]
[SourceTitle "CB08_2024"]
[SourceDate "2024.02.21"]
[SourceVersion "1"]
[SourceVersionDate "2024.02.21"]
[SourceQuality "1"]

1. d4 Nf6 2. Nf3 e6 3. Bg5 c5 4. Nc3 cxd4 5. Qxd4 Nc6 6. Qh4 Bb4 7. e4 Bxc3+ 8. bxc3 e5 9. Rd1 Qe7 10. Bc4 d6 11. 0-0 Be6 12. Bb3 0-0-0 13. Nd2 h6 14. Bxf6 Qxf6 15. Qxf6 gxf6 16. f4 Kd7 17. f5 Bxb3 18. axb3 Ne7 19. Nc4 Kc6 20. Rd2 Rd7 21. Ne3 d5 22. Rfd1 Rhd8 23. Ng4 dxe4 24. Rxd7 Rxd7 25. Rxd7 Kxd7 26. Nxf6+ Kc6 27. g4 Nd5 28. Nxd5 Kxd5 29. h4 a5 30. g5 h5 31. c4+ 1-0

[Event "Hajduszoboszlo op 2nd"]
[Site "Hajduszoboszlo"]
[Date "2024.02.10"]
[Round "5"]
[White "Toth, Tamas3"]
[Black "Tomaszewski, Kacper"]
[Result "1/2-1/2"]
[WhiteElo "2211"]
[BlackElo "2276"]
[PlyCount "20"]
[EventDate "2024.02.08"]
[EventType "swiss"]
[EventRounds "7"]
[EventCountry "HUN"]
[SourceTitle "CB08_2024"]
[SourceDate "2024.02.21"]
[SourceVersion "1"]
[SourceVersionDate "2024.02.21"]
[SourceQuality "1"]

1. e4 c5 2. Nf3 Nc6 3. d4 cxd4 4. Nxd4 Nf6 5. Nc3 d6 6. Bg5 g6 7. Bxf6 exf6 8. g3 Bg7 9. Bg2 0-0 10. 0-0 f5 1/2-1/2

[Event "Lagos op 1st"]
[Site "Lagos"]
[Date "2023.10.29"]
[Round "3"]
[White "Tomaszewski, Kacper"]
[Black "Safarli, Eltaj"]
[Result "1/2-1/2"]
[WhiteElo "2307"]
[BlackElo "2612"]
[PlyCount "62"]
[EventDate "2023.10.28"]
[EventType "swiss"]
[EventRounds "9"]
[EventCountry "POR"]
[SourceTitle "Mega2024 Update 01"]
[Source "Chessbase"]
[SourceDate "2023.11.12"]
[SourceVersion "1"]
[SourceVersionDate "2023.11.12"]
[SourceQuality "1"]

1. e4 c5 2. Nf3 d6 3. Bb5+ Bd7 4. c4 Nc6 5. Nc3 Nf6 6. 0-0 g6 7. a3 Bg7 8. Rb1 0-0 9. Re1 Nd4 10. Bxd7 Nxd7 11. d3 Nxf3+ 12. Qxf3 Ne5 13. Qd1 Qd7 14. Nd5 e6 15. Ne3 f5 16. b3 f4 17. Nc2 f3 18. g3 d5 19. Bb2 dxc4 20. Bxe5 Bxe5 21. bxc4 Rf6 22. Qd2 Rd8 23. Red1 b6 24. Qg5 Bd4 25. Ne3 Rff8 26. Ng4 Bg7 27. h4 h5 28. Ne5 Bxe5 29. Qxe5 Qd6 30. Qg5 e5 31. Rb3 Qe6 1/2-1/2

[Event "Qatar Masters op"]
[Site "Doha"]
[Date "2023.10.14"]
[Round "4"]
[White "Abdurakhmanov, Mukhmmadali"]
[Black "Tomaszewski, Kacper"]
[Result "1/2-1/2"]
[WhiteElo "2405"]
[BlackElo "2307"]
[PlyCount "81"]
[EventDate "2023.10.11"]
[EventType "swiss"]
[EventRounds "9"]
[EventCountry "QAT"]
[SourceTitle "Mega2024 Update 01"]
[Source "Chessbase"]
[SourceDate "2023.11.12"]
[SourceVersion "1"]
[SourceVersionDate "2023.11.12"]
[SourceQuality "1"]

1. d4 Nf6 2. Nf3 g6 3. Bf4 Bg7 4. e3 c5 5. c3 b6 6. Be2 Bb7 7. h3 0-0 8. 0-0 d6 9. a4 a6 10. Bh2 Nbd7 11. Nbd2 Qc7 12. Re1 Rac8 13. Bf1 Rfe8 14. e4 cxd4 15. cxd4 Qc2 16. e5 Qxd1 17. Raxd1 dxe5 18. dxe5 Nd5 19. e6 fxe6 20. Nc4 Nc5 21. a5 b5 22. Nce5 Bf6 23. g4 Red8 24. g5 Bg7 25. h4 Nb4 26. Nd4 Rxd4 27. Rxd4 Nc2 28. Rdd1 Nxe1 29. Rxe1 Bxe5 30. Bxe5 Bd5 31. Rc1 Rc6 32. Bg2 Ne4 33. Rxc6 Bxc6 34. b4 Kf7 35. Bf3 Bd5 36. Bd1 Nd2 37. f4 Bf3 38. Bc2 Be4 39. Bd1 Bf3 40. Bc2 Be4 41. Bd1 1/2-1/2

[Event "Titled Tuesday intern op 26th Sep Late"]
[Site "Chess.com INT"]
[Date "2023.09.26"]
[Round "1"]
[White "Svane, Rasmus"]
[Black "Tomaszewski, Kacper"]
[Result "1-0"]
[WhiteElo "2641"]
[BlackElo "2317"]
[PlyCount "105"]
[EventDate "2023.09.26"]
[EventType "swiss (blitz)"]
[EventRounds "11"]
[EventCountry "USA"]
[SourceTitle "EXT 2024"]
[Source "ChessBase"]
[SourceDate "2023.10.10"]
[SourceVersion "1"]
[SourceVersionDate "2023.10.10"]
[SourceQuality "1"]

1. Nf3 g6 2. e4 Bg7 3. d4 d6 4. Bd3 Nf6 5. 0-0 0-0 6. c3 Nc6 7. h3 e5 8. Re1 Re8 9. Nbd2 Nh5 10. Nb3 Nf4 11. Bxf4 exf4 12. Qd2 Qf6 13. Bb5 a6 14. Bxc6 bxc6 15. e5 dxe5 16. dxe5 Qf5 17. Nbd4 Qh5 18. Qxf4 c5 19. Nb3 Bb7 20. Nxc5 Bxf3 21. Qxf3 Qxf3 22. gxf3 Rxe5 23. Rxe5 Bxe5 24. Re1 Bd6 25. Ne4 Bf4 26. Rd1 Rb8 27. b3 f5 28. Nc5 Rb5 29. Nxa6 Ra5 30. Nb4 c5 31. Nd5 Be5 32. Re1 Bg7 33. Re2 Kf7 34. c4 Bd4 35. Kg2 h6 36. f4 g5 37. Kf3 Ra8 38. Re7+ Kg6 39. a4 Rb8 40. Re6+ Kh5 41. Rb6 Re8 42. Nf6+ Bxf6 43. Rxf6 Rb8 44. Rxf5 Rxb3+ 45. Kg2 Rb4 46. Rxc5 Rxa4 47. fxg5 hxg5 48. Kg3 Ra3+ 49. f3 Rc3 50. h4 Kh6 51. hxg5+ Kh5 52. Kf4 Rc1 53. Rc6 1-0

[Event "Titled Tuesday intern op 26th Sep Late"]
[Site "Chess.com INT"]
[Date "2023.09.26"]
[Round "2"]
[White "Tomaszewski, Kacper"]
[Black "Kopacz, Grzegorz"]
[Result "1/2-1/2"]
[WhiteElo "2317"]
[BlackElo "1997"]
[PlyCount "142"]
[EventDate "2023.09.26"]
[EventType "swiss (blitz)"]
[EventRounds "11"]
[EventCountry "USA"]
[SourceTitle "EXT 2024"]
[Source "ChessBase"]
[SourceDate "2023.10.10"]
[SourceVersion "1"]
[SourceVersionDate "2023.10.10"]
[SourceQuality "1"]

1. Nf3 Nf6 2. c4 c5 3. g3 Nc6 4. Bg2 g6 5. d4 cxd4 6. Nxd4 Nxd4 7. Qxd4 d6 8. 0-0 Bg7 9. Nc3 0-0 10. Qd3 Qa5 11. Rd1 Qh5 12. Nd5 Nxd5 13. cxd5 Bd7 14. Qb3 Qxe2 15. Be3 Qb5 16. Qxb5 Bxb5 17. Rac1 Rfc8 18. Rxc8+ Rxc8 19. Bxa7 Bxb2 20. Bh3 Rc1 21. Rxc1 Bxc1 22. Bc8 Ba6 23. Bb6 Ba3 24. Kg2 Bc5 25. Bxc5 dxc5 26. Kf3 Kg7 27. Ke4 f6 28. a4 Kf7 29. a5 Ke8 30. Be6 Bf1 31. Bc8 Bg2+ 32. f3 f5+ 33. Ke3 Kd8 34. Bxb7 Bf1 35. Bc6 Kc7 36. h4 e6 37. Ba8 e5 38. Bc6 Kd6 39. Bb7 Kc7 40. a6 Bb5 41. d6+ Kb6 42. Bc8 Bc6 43. d7 Kc7 44. a7 Ba8 45. Ke2 Kd8 46. g4 fxg4 47. fxg4 h6 48. g5 hxg5 49. hxg5 Kc7 50. Kd3 Bd5 51. Kc3 Kd8 52. Kd2 Kc7 53. Ke3 Kd8 54. Kd3 Kc7 55. Kc3 Kd8 56. Kb2 Kc7 57. Ka3 Kd8 58. Ka4 e4 59. Ba6 Kxd7 60. Bc4 Ba8 61. Kb5 Kd6 62. Bf7 e3 63. Bc4 Ke5 64. Kxc5 Kf4 65. Kd4 Kxg5 66. Kxe3 Kf6 67. Kf4 Ke7 68. Kg5 Kd6 69. Kxg6 Kc7 70. Bd3 Kb6 71. Bf5 Kxa7 1/2-1/2

[Event "Titled Tuesday intern op 19th Sep Early"]
[Site "Chess.com INT"]
[Date "2023.09.19"]
[Round "4"]
[White "Delgado Kuffo, Andres"]
[Black "Tomaszewski, Kacper"]
[Result "0-1"]
[WhiteElo "2320"]
[BlackElo "2317"]
[PlyCount "68"]
[EventDate "2023.09.19"]
[EventType "swiss (blitz)"]
[EventRounds "11"]
[EventCountry "USA"]
[SourceTitle "EXT 2024"]
[Source "ChessBase"]
[SourceDate "2023.10.10"]
[SourceVersion "1"]
[SourceVersionDate "2023.10.10"]
[SourceQuality "1"]

1. e4 e6 2. d4 d5 3. e5 c5 4. c3 Qb6 5. Nf3 Bd7 6. Bd3 Bb5 7. dxc5 Bxc5 8. b4 Bf8 9. Be3 Qa6 10. Bxb5+ Qxb5 11. Bd4 a5 12. a4 Qc4 13. Na3 Qc6 14. b5 Qc8 15. 0-0 Nh6 16. Qc1 Nf5 17. Nc2 Nd7 18. Ne3 Nxd4 19. cxd4 Bb4 20. Qb1 Qd8 21. h4 0-0 22. Ng5 g6 23. Ng4 Be7 24. Nh6+ Kg7 25. Nhxf7 Qb6 26. Nd6 Bxg5 27. hxg5 Qxd4 28. Qc2 Nxe5 29. Qc7+ Kg8 30. Rad1 Qf4 31. Qe7 Qg4 32. f3 Rxf3 33. Rxf3 Nxf3+ 34. Kf2 Nxg5 0-1

[Event "Titled Tuesday intern op 19th Sep Early"]
[Site "Chess.com INT"]
[Date "2023.09.19"]
[Round "8"]
[White "Tomaszewski, Kacper"]
[Black "Ovezdurdiyeva, Jemal"]
[Result "0-1"]
[WhiteElo "2317"]
[BlackElo "2057"]
[PlyCount "56"]
[EventDate "2023.09.19"]
[EventType "swiss (blitz)"]
[EventRounds "11"]
[EventCountry "USA"]
[SourceTitle "EXT 2024"]
[Source "ChessBase"]
[SourceDate "2023.10.10"]
[SourceVersion "1"]
[SourceVersionDate "2023.10.10"]
[SourceQuality "1"]

1. e4 d6 2. Nc3 Nf6 3. Nge2 g6 4. h3 c6 5. g4 b5 6. Ng3 Bg7 7. Bg2 0-0 8. 0-0 e5 9. Nce2 Nbd7 10. d4 Qe7 11. f4 exf4 12. Bxf4 Bb7 13. g5 Ne8 14. c3 f6 15. h4 Kh8 16. Qd2 c5 17. h5 fxg5 18. Bxg5 Bf6 19. Bh6 Rg8 20. hxg6 Rxg6 21. d5 Ng7 22. Be3 Rg8 23. a4 Nh5 24. Bf4 Nxg3 25. Nxg3 Bh4 26. c4 Bxg3 27. Qc3+ Ne5 28. axb5 Bxf4 0-1

[Event "Titled Tuesday intern op 12th Sep Late"]
[Site "Chess.com INT"]
[Date "2023.09.12"]
[Round "2"]
[White "Alexikov, Alexander"]
[Black "Tomaszewski, Kacper"]
[Result "0-1"]
[WhiteElo "2209"]
[BlackElo "2317"]
[PlyCount "84"]
[EventDate "2023.09.12"]
[EventType "swiss (blitz)"]
[EventRounds "11"]
[EventCountry "USA"]
[SourceTitle "EXT 2024"]
[Source "ChessBase"]
[SourceDate "2023.10.10"]
[SourceVersion "1"]
[SourceVersionDate "2023.10.10"]
[SourceQuality "1"]

1. e4 c5 2. Nf3 Nc6 3. d4 cxd4 4. Nxd4 e6 5. Nc3 Qc7 6. Be2 Nf6 7. 0-0 a6 8. Nxc6 dxc6 9. f4 e5 10. fxe5 Qxe5 11. Bf4 Qc5+ 12. Kh1 Be7 13. Bf3 0-0 14. e5 Rd8 15. exf6 Rxd1 16. Raxd1 Bxf6 17. Ne4 Qb6 18. Nxf6+ gxf6 19. b3 Be6 20. c4 Qa5 21. Rf2 Kg7 22. Rfd2 b5 23. cxb5 axb5 24. Bxc6 Rc8 25. Bf3 Rc3 26. Re2 h6 27. Bd2 b4 28. Bxc3 bxc3 29. Be4 Bg4 30. Bf3 Bxf3 31. gxf3 Qf5 32. Rg1+ Kh7 33. Kg2 Qg6+ 34. Kf2 Qh5 35. Rg2 Qc5+ 36. Kf1 c2 37. Rxc2 Qd5 38. Rgf2 h5 39. Kg1 h4 40. Kg2 Qg5+ 41. Kh3 f5 42. f4 Qg4# 0-1

[Event "Titled Tuesday intern op 12th Sep Early"]
[Site "Chess.com INT"]
[Date "2023.09.12"]
[Round "4"]
[White "Bhagat, Kush"]
[Black "Tomaszewski, Kacper"]
[Result "0-1"]
[WhiteElo "2209"]
[BlackElo "2317"]
[PlyCount "78"]
[EventDate "2023.09.12"]
[EventType "swiss (blitz)"]
[EventRounds "11"]
[EventCountry "USA"]
[SourceTitle "EXT 2024"]
[Source "ChessBase"]
[SourceDate "2023.10.10"]
[SourceVersion "1"]
[SourceVersionDate "2023.10.10"]
[SourceQuality "1"]

1. d4 Nf6 2. Bf4 d6 3. e3 c5 4. Nf3 Qb6 5. Qc1 Nh5 6. Bg3 Nxg3 7. hxg3 g6 8. c3 Bg7 9. Nbd2 0-0 10. Bd3 Nd7 11. 0-0 Qc7 12. b4 b6 13. a4 Bb7 14. a5 Rac8 15. bxc5 dxc5 16. axb6 axb6 17. Qb2 e5 18. dxe5 Nxe5 19. Nxe5 Qxe5 20. Qxb6 Bxg2 21. Kxg2 Qd5+ 22. Be4 Qxd2 23. Rac1 Bxc3 24. Rc2 Ba5 25. Qa6 Qb4 26. Bf3 c4 27. Rfc1 c3 28. Ra1 Rc5 29. Qd3 Rd8 30. Qe4 Qxe4 31. Bxe4 Rd2 32. Raa2 Kg7 33. Kf3 Rb5 34. Bc6 Rb2 35. Raxb2 cxb2 36. Rxd2 b1Q 37. Rd7 Qf5+ 38. Kg2 Qe6 39. Ba4 Qe4+ 0-1

[Event "Titled Tuesday intern op 12th Sep Early"]
[Site "Chess.com INT"]
[Date "2023.09.12"]
[Round "1"]
[White "Fiorito, Joaquin"]
[Black "Tomaszewski, Kacper"]
[Result "0-1"]
[WhiteElo "2399"]
[BlackElo "2317"]
[PlyCount "76"]
[EventDate "2023.09.12"]
[EventType "swiss (blitz)"]
[EventRounds "11"]
[EventCountry "USA"]
[SourceTitle "EXT 2024"]
[Source "ChessBase"]
[SourceDate "2023.10.10"]
[SourceVersion "1"]
[SourceVersionDate "2023.10.10"]
[SourceQuality "1"]

1. d4 Nf6 2. c4 d6 3. Nc3 g6 4. e4 Bg7 5. h3 Na6 6. Be3 c5 7. Nf3 0-0 8. d5 Nc7 9. a4 Bd7 10. Bd3 e5 11. 0-0 Nh5 12. Bg5 f6 13. Bd2 f5 14. exf5 gxf5 15. Nxe5 dxe5 16. Qxh5 e4 17. Bc2 Ne8 18. Qe2 Qb6 19. b3 Qg6 20. Rae1 Kh8 21. f3 Bd4+ 22. Kh1 e3 23. Bxe3 Bxc3 24. Bxc5 Rg8 25. Rd1 Nf6 26. Qf2 Nh5 27. Bd4+ Bxd4 28. Qxd4+ Rg7 29. Rf2 Rag8 30. c5 Qg3 31. f4 Re8 32. b4 Re3 33. b5 Qxf2 34. Rg1 Rxh3+ 35. gxh3 Qxd4 36. Rxg7 Kxg7 37. c6 Qxd5+ 38. Kg1 bxc6 0-1

[Event "Titled Tuesday intern op 12th Sep Late"]
[Site "Chess.com INT"]
[Date "2023.09.12"]
[Round "9"]
[White "Ghasi, Ameet K"]
[Black "Tomaszewski, Kacper"]
[Result "0-1"]
[WhiteElo "2508"]
[BlackElo "2317"]
[PlyCount "148"]
[EventDate "2023.09.12"]
[EventType "swiss (blitz)"]
[EventRounds "11"]
[EventCountry "USA"]
[SourceTitle "EXT 2024"]
[Source "ChessBase"]
[SourceDate "2023.10.10"]
[SourceVersion "1"]
[SourceVersionDate "2023.10.10"]
[SourceQuality "1"]

1. e4 c5 2. Nf3 d6 3. Nc3 Nf6 4. e5 dxe5 5. Nxe5 Qd6 6. Bb5+ Nbd7 7. Qe2 a6 8. Nc4 Qc7 9. Bxd7+ Bxd7 10. a4 b6 11. d3 e6 12. Bg5 Be7 13. 0-0 0-0 14. Ne4 Nd5 15. Bxe7 Nxe7 16. Qh5 Bc6 17. Nc3 b5 18. axb5 axb5 19. Rxa8 Bxa8 20. Ne3 b4 21. Ne4 Bxe4 22. dxe4 Ng6 23. Rd1 Nf4 24. Qg5 h6 25. Qg4 Qe5 26. g3 Ng6 27. b3 h5 28. Qe2 h4 29. Nc4 Qc3 30. Rd3 Qa1+ 31. Kg2 Ne5 32. Nxe5 Qxe5 33. Qg4 hxg3 34. hxg3 f5 35. exf5 Rxf5 36. Re3 Qd5+ 37. Qe4 Qxe4+ 38. Rxe4 Kf7 39. f4 Rd5 40. Kf3 Rd2 41. Rc4 Rd5 42. Ke4 Ke7 43. Ke3 Kd6 44. Re4 g6 45. Kf3 Rd2 46. Rc4 Kd5 47. Kg4 Rd4 48. Rxd4+ Kxd4 49. Kg5 Kc3 50. Kxg6 Kxc2 51. Kf6 c4 52. Kxe6 cxb3 53. f5 b2 54. f6 b1Q 55. f7 Qe1+ 56. Kd7 Qd2+ 57. Ke7 Qe3+ 58. Kd8 Qd4+ 59. Ke7 Qe5+ 60. Kd7 Qf6 61. Ke8 Qe6+ 62. Kf8 b3 63. Kg7 Qg4+ 64. Kf6 Qf3+ 65. Ke7 Qe3+ 66. Kf8 b2 67. Kg7 Qxg3+ 68. Kh8 Qh4+ 69. Kg7 Qg5+ 70. Kh8 Qf6+ 71. Kh7 Qxf7+ 72. Kh8 Qe7 73. Kg8 b1Q 74. Kh8 Qb8# 0-1

[Event "Titled Tuesday intern op 12th Sep Late"]
[Site "Chess.com INT"]
[Date "2023.09.12"]
[Round "4"]
[White "Tomaszewski, Kacper"]
[Black "Petrova, Irina"]
[Result "1-0"]
[WhiteElo "2317"]
[BlackElo "2108"]
[PlyCount "127"]
[EventDate "2023.09.12"]
[EventType "swiss (blitz)"]
[EventRounds "11"]
[EventCountry "USA"]
[SourceTitle "EXT 2024"]
[Source "ChessBase"]
[SourceDate "2023.10.10"]
[SourceVersion "1"]
[SourceVersionDate "2023.10.10"]
[SourceQuality "1"]

1. Nf3 d6 2. d4 g6 3. Nbd2 Bg7 4. e4 Nf6 5. Bb5+ Bd7 6. a4 0-0 7. 0-0 Nc6 8. Re1 e5 9. Bxc6 Bxc6 10. dxe5 dxe5 11. Nxe5 Bxe4 12. Nxe4 Qxd1 13. Nxf6+ Bxf6 14. Rxd1 Bxe5 15. c3 Rad8 16. Be3 b6 17. g3 Bf6 18. Kf1 Rxd1+ 19. Rxd1 Rd8 20. Rxd8+ Bxd8 21. Ke2 Kf8 22. Kd3 Ke7 23. Kc4 c6 24. Bf4 Ke6 25. b4 a6 26. b5 cxb5+ 27. axb5 a5 28. Be3 Bc7 29. Bd4 f5 30. h3 g5 31. g4 fxg4 32. hxg4 Bd8 33. f3 Bc7 34. Bf2 Bd8 35. Be3 Ke5 36. Bc1 Ke6 37. Kd4 Bf6+ 38. Kc4 Bd8 39. Ba3 Ke5 40. Kd3 Kd5 41. c4+ Ke5 42. Ke3 Bc7 43. Bb2+ Ke6 44. Ke4 Bd6 45. Bd4 Bc7 46. c5 bxc5 47. Bxc5 a4 48. b6 Bb8 49. Kd4 Bg3 50. Kc4 Kd7 51. Kb5 Kc8 52. Kxa4 Kb7 53. Kb5 Bf4 54. Bd4 Bd6 55. Be3 Be7 56. Kc4 Bd8 57. Kd5 Bxb6 58. Bxb6 Kxb6 59. Ke5 Kc5 60. Kf5 Kd5 61. Kxg5 Ke5 62. f4+ Ke6 63. f5+ Ke5 64. Kh6 1-0

[Event "Titled Tuesday intern op 12th Sep Late"]
[Site "Chess.com INT"]
[Date "2023.09.12"]
[Round "7"]
[White "Tomaszewski, Kacper"]
[Black "Sultanbek, Zeinep"]
[Result "1-0"]
[WhiteElo "2317"]
[BlackElo "2022"]
[PlyCount "103"]
[EventDate "2023.09.12"]
[EventType "swiss (blitz)"]
[EventRounds "11"]
[EventCountry "USA"]
[SourceTitle "EXT 2024"]
[Source "ChessBase"]
[SourceDate "2023.10.10"]
[SourceVersion "1"]
[SourceVersionDate "2023.10.10"]
[SourceQuality "1"]

1. e4 c5 2. c3 d5 3. exd5 Qxd5 4. Nf3 Nf6 5. Na3 Nc6 6. d4 cxd4 7. Nb5 Qd8 8. Nbxd4 Bg4 9. Qa4 Bd7 10. Bb5 Nxd4 11. Nxd4 a6 12. Bxd7+ Qxd7 13. Qxd7+ Nxd7 14. Be3 e5 15. Nb3 0-0-0 16. Ke2 f5 17. Rad1 Be7 18. f4 exf4 19. Bxf4 Rhe8 20. Kf3 Nf6 21. Rxd8+ Bxd8 22. Nd4 Nd5 23. Bd2 g6 24. Re1 Rxe1 25. Bxe1 Bf6 26. Ne6 Be7 27. c4 Nf6 28. Bh4 Kd7 29. Bxf6 Kxe6 30. Bxe7 Kxe7 31. b4 g5 32. a4 Kd6 33. Ke3 Ke5 34. g3 h5 35. b5 h4 36. gxh4 gxh4 37. bxa6 bxa6 38. Kd3 f4 39. a5 h3 40. Kc3 f3 41. Kd3 f2 42. Ke2 Kd4 43. Kxf2 Kxc4 44. Kg3 Kb4 45. Kxh3 Kxa5 46. Kg4 Kb4 47. h4 a5 48. h5 a4 49. h6 a3 50. h7 Kb3 51. h8Q a2 52. Qa1 1-0

[Event "Titled Tuesday intern op 12th Sep Late"]
[Site "Chess.com INT"]
[Date "2023.09.12"]
[Round "8"]
[White "Tomaszewski, Kacper"]
[Black "Yen, William"]
[Result "1-0"]
[WhiteElo "2317"]
[BlackElo "2056"]
[PlyCount "81"]
[EventDate "2023.09.12"]
[EventType "swiss (blitz)"]
[EventRounds "11"]
[EventCountry "USA"]
[SourceTitle "EXT 2024"]
[Source "ChessBase"]
[SourceDate "2023.10.10"]
[SourceVersion "1"]
[SourceVersionDate "2023.10.10"]
[SourceQuality "1"]

1. e4 c6 2. Nf3 d5 3. d3 g6 4. Nbd2 Bg7 5. g3 e5 6. Bg2 Ne7 7. 0-0 0-0 8. c3 h6 9. Qc2 Nd7 10. a4 a5 11. b3 b6 12. Ba3 Ba6 13. Rfe1 Re8 14. Rad1 Qc7 15. d4 exd4 16. Nxd4 Nf6 17. e5 Nh7 18. Bd6 Qd7 19. f4 Rac8 20. N2f3 c5 21. Ne2 Nf5 22. Bh3 Ne3 23. Bxd7 Nxc2 24. Bxc8 Rxc8 25. Kf2 Nxe1 26. Nxe1 Bb7 27. Nc2 Nf8 28. Ne3 c4 29. b4 axb4 30. Bxb4 Ra8 31. Nxd5 Rxa4 32. Nxb6 Ra2 33. Ke3 Ra6 34. Nxc4 Rc6 35. Na5 Rc7 36. Rd8 Ba6 37. Nd4 Rd7 38. Ra8 Bf1 39. e6 Rc7 40. e7 Bg2 41. e8Q 1-0

[Event "Trieste op 25th"]
[Site "Trieste"]
[Date "2023.09.08"]
[Round "9"]
[White "Perossa, Nicolas"]
[Black "Tomaszewski, Kacper"]
[Result "1/2-1/2"]
[WhiteElo "2265"]
[BlackElo "2317"]
[PlyCount "92"]
[EventDate "2023.09.02"]
[EventType "swiss"]
[EventRounds "9"]
[EventCountry "ITA"]
[SourceTitle "EXT 2024"]
[Source "ChessBase"]
[SourceDate "2023.10.10"]
[SourceVersion "1"]
[SourceVersionDate "2023.10.10"]
[SourceQuality "1"]

1. e4 e6 2. d4 d5 3. Nc3 Bb4 4. exd5 exd5 5. Bd3 Nf6 6. Qf3 0-0 7. Bg5 Bxc3+ 8. bxc3 Qe8+ 9. Ne2 Bg4 10. Qe3 Bxe2 11. Bxe2 Ne4 12. Bf4 Qc6 13. 0-0 Nxc3 14. Bd3 Nd7 15. Qg3 Ne4 16. Bxe4 dxe4 17. Bxc7 Qxc2 18. Bf4 Qd3 19. Be3 Nf6 20. Rfd1 Qe2 21. d5 Qg4 22. Qc7 Qd7 23. Qg3 Rfc8 24. Bd4 Ne8 25. Qe5 Rd8 26. Bb2 Nf6 27. Rac1 Qb5 28. a4 Qa5 29. Qg3 Ne8 30. Rd4 Rac8 31. Rcd1 Rc2 32. Qb3 Re2 33. h3 Re1+ 34. Rxe1 Qxe1+ 35. Kh2 Nd6 36. Qg3 f6 37. Qf4 Qa5 38. Ba3 Qc3 39. Qe3 Qxe3 40. fxe3 Kf7 41. g4 g6 42. Kg3 g5 43. h4 gxh4+ 44. Kxh4 Kg6 45. Bxd6 Rxd6 46. Kg3 Kg5 1/2-1/2

[Event "Titled Tuesday intern op 05th Sep Late"]
[Site "Chess.com INT"]
[Date "2023.09.05"]
[Round "8"]
[White "Mirzoev, Azer"]
[Black "Tomaszewski, Kacper"]
[Result "1-0"]
[WhiteElo "2418"]
[BlackElo "2317"]
[PlyCount "51"]
[EventDate "2023.09.05"]
[EventType "swiss (blitz)"]
[EventRounds "11"]
[EventCountry "USA"]
[SourceTitle "EXT 2024"]
[Source "ChessBase"]
[SourceDate "2023.10.10"]
[SourceVersion "1"]
[SourceVersionDate "2023.10.10"]
[SourceQuality "1"]

1. e4 c5 2. Nc3 e6 3. g3 d5 4. exd5 exd5 5. Bg2 Nf6 6. d3 Bg4 7. Nge2 Nc6 8. h3 Bh5 9. 0-0 Be7 10. g4 Bg6 11. Nf4 d4 12. Ncd5 Nxd5 13. Nxd5 0-0 14. Bf4 Bd6 15. Qd2 f5 16. Bxd6 Qxd6 17. Qf4 Qxf4 18. Nxf4 fxg4 19. Nxg6 hxg6 20. hxg4 Nb4 21. a3 Nxc2 22. Rac1 Ne3 23. fxe3 dxe3 24. Bd5+ Kh7 25. Kg2 Rad8 26. Rh1# 1-0

[Event "Titled Tuesday intern op 29th Aug Early"]
[Site "Chess.com INT"]
[Date "2023.08.29"]
[Round "7"]
[White "Tomaszewski, Kacper"]
[Black "Hua, Lefong"]
[Result "0-1"]
[WhiteElo "2321"]
[BlackElo "2305"]
[PlyCount "174"]
[EventDate "2023.08.29"]
[EventType "swiss (blitz)"]
[EventRounds "11"]
[EventCountry "USA"]
[SourceTitle "EXT 2024"]
[Source "ChessBase"]
[SourceDate "2023.10.10"]
[SourceVersion "1"]
[SourceVersionDate "2023.10.10"]
[SourceQuality "1"]

1. g3 Nf6 2. Bg2 g6 3. e4 d6 4. Ne2 c5 5. 0-0 Bg7 6. Nbc3 Nc6 7. d3 0-0 8. h3 Rb8 9. Be3 b5 10. Qd2 b4 11. Nd1 Nd7 12. Kh2 Nd4 13. c3 Nxe2 14. Qxe2 bxc3 15. bxc3 Qa5 16. Qc2 Ba6 17. Bd2 Ne5 18. c4 Qa3 19. Bc3 Nc6 20. Bxg7 Kxg7 21. Qc3+ Qxc3 22. Nxc3 Rb2 23. Rab1 Rfb8 24. f4 Nd4 25. Nb5 Rxb1 26. Rxb1 Bxb5 27. a4 a6 28. e5 dxe5 29. fxe5 Rb6 30. Bd5 e6 31. Be4 Kf8 32. Kg2 Ke7 33. Kf2 Kd8 34. axb5 axb5 35. cxb5 Rxb5 36. Ra1 Rb2+ 37. Kg1 Ke7 38. Ra7+ Kf8 39. Rc7 Rc2 40. g4 h6 41. h4 g5 42. h5 Kg7 43. Kf1 Rc1+ 44. Kf2 Rc2+ 45. Kf1 Rc3 46. Bg6 Nb3 47. Rxf7+ Kg8 48. Re7 Nc1 49. Re8+ Kg7 50. Re7+ Kf8 51. Rxe6 Nxd3 52. Re8+ Kg7 53. e6 Nf4 54. e7 Re3 55. Kf2 Re5 56. Bf5 Nd5 57. Rc8 Nxe7 58. Rc7 Kf8 59. Bg6 Nxg6 60. hxg6 Re6 61. Rf7+ Kg8 62. Rc7 Rxg6 63. Rxc5 Rf6+ 64. Kg3 Kg7 65. Rc7+ Kg6 66. Rc4 Re6 67. Rb4 Kf6 68. Rc4 Rd6 69. Rb4 Rd3+ 70. Kg2 Ke5 71. Ra4 Rd4 72. Ra6 Rxg4+ 73. Kf3 Rf4+ 74. Ke3 Rh4 75. Ra5+ Kf6 76. Kf3 Kg6 77. Kg3 Kh5 78. Kg2 Rd4 79. Ra6 Rd2+ 80. Kf3 Rd3+ 81. Ke4 Rb3 82. Kf5 Rf3+ 83. Ke5 Rf1 84. Ra2 g4 85. Rh2+ Kg5 86. Rg2 h5 87. Ke4 h4 0-1

[Event "Titled Tuesday intern op 22nd Aug Early"]
[Site "Chess.com INT"]
[Date "2023.08.22"]
[Round "3"]
[White "Tomaszewski, Kacper"]
[Black "Ahmad, Khagan"]
[Result "0-1"]
[WhiteElo "2321"]
[BlackElo "2340"]
[PlyCount "40"]
[EventDate "2023.08.22"]
[EventType "swiss (blitz)"]
[EventRounds "11"]
[EventCountry "USA"]
[SourceTitle "EXT 2024"]
[Source "ChessBase"]
[SourceDate "2023.10.10"]
[SourceVersion "1"]
[SourceVersionDate "2023.10.10"]
[SourceQuality "1"]

1. e4 c5 2. d4 cxd4 3. c3 dxc3 4. Nxc3 e6 5. Nf3 Bb4 6. Qd4 Bxc3+ 7. bxc3 Nf6 8. Ba3 Nc6 9. Qe3 Qa5 10. Bd6 Nxe4 11. Qxe4 Qxc3+ 12. Ke2 Qxa1 13. g3 Qxa2+ 14. Nd2 f5 15. Qh4 Qd5 16. Nc4 Nd4+ 17. Ke3 f4+ 18. Qxf4 Nf5+ 19. Ke2 Qxh1 20. Be5 0-0 0-1